| 000 | 00879cam a22002411 4500 | ||
|---|---|---|---|
| 001 | e 12000042 | ||
| 003 | DLC | ||
| 005 | 20260227111156.0 | ||
| 008 | 880615s1911 dcu l f000 0 eng c | ||
| 010 | _ae 12000042 | ||
| 035 | _a(OCoLC)18094224 | ||
| 040 |
_aLibrary, U.S. Bur. of Education _cCU _dCU _dDLC |
||
| 042 | _apremarc | ||
| 050 | 0 | 0 |
_aS533 _b.A4 1911 |
| 110 | 1 |
_aUnited States. _kLaws, statutes, etc. |
|
| 245 | 1 | 0 | _aFederal laws, regulations, and rulings affecting the land-grant colleges of agriculture and mechanic arts. |
| 260 |
_aWashington, _bGovt. Print. Off., _c1911. |
||
| 300 |
_a13 p. _c24 cm. |
||
| 500 | _aAt head of title: U.S. Bureau of Education. | ||
| 650 | 0 |
_aAgricultural colleges _xLaw and legislation _zUnited States. |
|
| 650 | 0 |
_aTechnical education _xLaw and legislation _zUnited States. |
|
| 710 | 1 |
_aUnited States. _bBureau of Education. |
|
| 999 |
_c19277 _d19277 |
||